Administración de operaciones (Registro nro. 9227)

Detalles MARC
000 -Cabecera
Campo de control de longitud fija 01530ntm a22005057a 4500
005 - Fecha y hora de la última transacción
Campo de control 20251113143726.0
008 - Elementos de longitud fija--Información general
Campo de control de longitud fija 170405b2016 xxu||||| |||| 00| 0 spa d
020 ## - International Standard Book Number
Número Internacional Estándar del Libro (ISBN) 9786075228327
041 ## - Idioma
Código de idioma Español
082 ## - Clasificación Decimal Dewey
Número de clasificación 658.5 C699a5
100 ## - Entrada principal--Autor personal
Nombre personal Collier, David
9 (RLIN) 21212
100 ## - Entrada principal--Autor personal
Nombre personal Evans, James
9 (RLIN) 23139
245 ## - Título propiamente dicho
Título Administración de operaciones
250 ## - Edición
Mención de edición 5 edición
260 ## - Pie de imprenta
Lugar de publicación, distribución, etc. México
260 ## - Pie de imprenta
Nombre del editor, distribuidor, etc. Cengage Learning
260 ## - Pie de imprenta
Fecha de publicación, distribución, etc. 2016
300 ## - Descripción física
Extensión 424 páginas
490 ## - Serie
Título de la Serie Dirección y Administración de Empresas
650 ## - Materia general
Temática (materia general) GERENCIA DE PRODUCCIONES
650 ## - Materia general
Temática (materia general) ADMINISTRACIÓN DE OPERACIONES
650 ## - Materia general
Temática (materia general) BIENES
650 ## - Materia general
Temática (materia general) SERVICIOS
650 ## - Materia general
Temática (materia general) CADENAS DE VALOR
650 ## - Materia general
Temática (materia general) SISTEMAS DE MEDICIÓN EN OPERACIONES
650 ## - Materia general
Temática (materia general) MODELO DE DESEMPEÑO ORGANIZACIONAL
650 ## - Materia general
Temática (materia general) ESTRATEGIA DE OPERACIONES
650 ## - Materia general
Temática (materia general) TECNOLOGÍA Y ADMINISTRACIÓN DE OPERACIONES
650 ## - Materia general
Temática (materia general) DISEÑO DE BIENES Y SERVICIOS
650 ## - Materia general
Temática (materia general) ELECCIÓN DE PROCESOS
650 ## - Materia general
Temática (materia general) DISEÑO DE INSTALACIONES
650 ## - Materia general
Temática (materia general) ADMINISTRACIÓN DE CAPACIDAD
650 ## - Materia general
Temática (materia general) CADENA DE SUMINISTROS
650 ## - Materia general
Temática (materia general) PLANEACIÓN DE PRONÓSTICOS Y DEMANDA
650 ## - Materia general
Temática (materia general) ADMINISTRAR INVENTARIOS
650 ## - Materia general
Temática (materia general) ADMINISTRACIÓN DE RECURSOS
650 ## - Materia general
Temática (materia general) ADMINISTRACIÓN DE CALIDAD
650 ## - Materia general
Temática (materia general) SISTEMAS OPERATIVOS LEAN
650 ## - Materia general
Temática (materia general) ADMINISTRACIÓN DE PROYECTOS
650 ## - Materia general
Temática (materia general) SEIS SIGMA
650 ## - Materia general
Temática (materia general) CALENDARIZACIÓN
650 ## - Materia general
Temática (materia general) SECUENCIACIÓN
650 ## - Materia general
Temática (materia general) CONTROL DE CALIDAD
942 ## - Punto de acceso adicional KOHA
Tipo de ítem KOHA Libro
Fuente del sistema de clasificación o colocación Dewey Decimal Classification
Existencias
Signatura completa Código de barras Programa Académico Tipo de ítem
658.5 C699a5 22096 Dirección y Administración de Empresas Libro
658.5 C699a5 22097 Dirección y Administración de Empresas Libro